| 000 | 00769nam a2200169 i 4500 | ||
|---|---|---|---|
| 001 | 52258 | ||
| 003 | ES-MaACL | ||
| 005 | 20230906162543.0 | ||
| 007 | t| | ||
| 008 | 030827s1931 fr ||||1| fre d | ||
| 100 | 1 |
_aChautard, Emile. _938214 |
|
| 245 | 1 | 3 |
_aLa vie étrange de l'argot / _cÉmile Chautard ; ouvrage illustré de 124 documents, lettres, autographes, portraits, dessins et photographies de Atget, Collot, Dignimont, A. Dürer, Forain, Gavarni, Gill, Hubert Robert, G. Krull, E. Lotar, H. Manuel, Henri Monnier, A. Morand, Robida, Toulouse-Lautrec, Steinlen, etc. |
| 260 |
_aParis : _bDenoël et Steele, _c1931 ( _fG. Thone) |
||
| 300 |
_aXIV, 720 p. : _bil. ; _c25 cm. |
||
| 650 | 0 | 4 |
_aLengua francesa- _xArgots y jergas. _914200 |
| 852 |
_aES-MaACL _jA-2345 |
||
| 999 |
_c52258 _d52258 |
||